| 000 | 00617nam a22002177a 4500 | ||
|---|---|---|---|
| 999 |
_c435 _d435 |
||
| 003 | OSt | ||
| 005 | 20210928091833.0 | ||
| 008 | 140917b xxu||||| |||| 00| 0 eng d | ||
| 020 | _a0240803264 | ||
| 040 | _cDDC | ||
| 050 | _a19 | ||
| 082 | _a621.382.COM 1998 | ||
| 100 |
_aGrant, August E. _91143 |
||
| 245 |
_aCommunication technology update. _cEdited by Grant,August E. ; Meadows,Jennifer Harman; |
||
| 250 | _a6th | ||
| 260 |
_aBoston _bFocal press _c1998 |
||
| 300 |
_aviii,327p; _bill : _c18cm . |
||
| 504 | _aincludes; bibliography references and glossary. | ||
| 650 |
_aPhysics _91144 |
||
| 942 |
_2ddc _cO_SHELF |
||